Aladino / (Registro nro. 3300)

Detalles MARC
000 -LEADER
fixed length control field 00771nam a2200253Ia 4500
003 - CONTROL NUMBER IDENTIFIER
control field OSt
005 - DATE AND TIME OF LATEST TRANSACTION
control field 20230412215130.0
008 - FIXED-LENGTH DATA ELEMENTS--GENERAL INFORMATION
fixed length control field 191128s2009 ck a br 000 1 spa d
020 ## - INTERNATIONAL STANDARD BOOK NUMBER
International Standard Book Number 9789588314198
040 ## - CATALOGING SOURCE
Original cataloging agency CO-JMCR
Transcribing agency CO-JMCR
041 0# - LANGUAGE CODE
Language code of text/sound track or separate title spa
082 ## - DEWEY DECIMAL CLASSIFICATION NUMBER
Classification number C /
Item number ALAa
245 #0 - TITLE STATEMENT
Title Aladino /
260 ## - PUBLICATION, DISTRIBUTION, ETC.
Name of publisher, distributor, etc. Toy Cantando,
Place of publication, distribution, etc. Bogotá :
Date of publication, distribution, etc. 2009
300 ## - PHYSICAL DESCRIPTION
Extent [30] páginas sin numerar :
Other physical details principalmente ilustraciones a color ;
Dimensions 12 cm. x 16 cm.
440 ## - SERIES STATEMENT/ADDED ENTRY--TITLE
Title La cajita de los cuentos
9 (RLIN) 1728
546 ## - LANGUAGE NOTE
Language note spa
650 ## - SUBJECT ADDED ENTRY--TOPICAL TERM
Topical term or geographic name entry element Cuentos infantiles
9 (RLIN) 1729
650 ## - SUBJECT ADDED ENTRY--TOPICAL TERM
Topical term or geographic name entry element Lamparas en la literatura
9 (RLIN) 1775
650 ## - SUBJECT ADDED ENTRY--TOPICAL TERM
Topical term or geographic name entry element Princesas en la literatura
9 (RLIN) 1776
650 ## - SUBJECT ADDED ENTRY--TOPICAL TERM
Topical term or geographic name entry element Princesas en la literatura
9 (RLIN) 1776
799 ## - LOCAL ADDED ENTRY--UNIFORM TITLE (RLIN)
Uniform title Ramírez M., Luís Enrique, director
942 ## - ADDED ENTRY ELEMENTS (KOHA)
Source of classification or shelving scheme Dewey Decimal Classification
Koha item type Books
Existencias
Withdrawn status Lost status Source of classification or shelving scheme Materials specified (bound volume or other part) Damaged status Not for loan Collection code Home library Current library Date acquired Source of acquisition Cost, normal purchase price Total Checkouts Full call number Barcode Date last seen Date last checked out Copy number Price effective from Koha item type
    Dewey Decimal Classification Donación--10/07/2018--     Fiction Biblioteca Pública José María del Castillo y Rada Biblioteca Pública José María del Castillo y Rada 11/28/2019 Donación 0.00 10 C / ALAa 201507038 04/27/2026 04/27/2026 Ej.1 11/28/2019 Books